| 000 | 00588nam a2200169Ia 4500 | ||
|---|---|---|---|
| 003 | GCL | ||
| 008 | 140319s9999 xx 000 0 ara d | ||
| 040 |
_aGCL / _cGCL |
||
| 082 | 0 | 4 |
_a814 _bم م |
| 100 | 1 | _aمحمود بيرم التونسى | |
| 245 | 1 | 0 |
_aمجموعة اعداد جريدة الشباب : لمحمود بيرم التونسى (فى العدد الاول الى العدد 20) / _cمحمود بيرم التونسى |
| 300 | _a168 ص | ||
| 490 | _a | ||
| 650 | 0 | 4 | _aالمقالات العربية |
| 650 | 0 | 4 | _aالمقالات- تاريخ ونقد |
| 942 |
_2ddc _cBK |
||
| 999 |
_c46231 _d46231 |
||